01004cam a2200277Ki 450000100060000000300080000600500170001400800410003102000150007203500190008703500210010604000310012704100080015808200260016610000440019224501440023626000660038030000300044649000440047650000220052050400410054265100390058365100390062270000220066183000430068325319BD-RjUL20211209050849.0140318s19681906enk ob o00 0 eng d a0460000365 a(BD-RjUL)25388 a(OCoLC)681088465 aOCLCEbengcOCLCEdBD-RjUL aeng04a942.067219bMAM 19681 aMacaulay, Thomas Babington d1800-1859.10aMacaulay's history of England from the accession of James II /cThomas Babington Macaulay ; introduction by Douglas Jerrold.nVOLUME THREE. aLondon :bDent ;aNew York :bDutton,c1906 [Reprinted 1968]. aix, 552, [8] p. ;c19 cm.1 aEveryman's library ;vNo. 36 : History. a"In Four Volumes" aIncludes bibliographical references. 0aGreat BritainxHistoryy1685-1688. 0aGreat BritainxHistoryy1689-1702. a Jerrold, Douglas aEveryman's library ; No. 36 : History.